Southville International School and Colleges
Your cart is empty.
  • Cart
  • Lists
    Public lists Eva Luna New books Lux_list list_1
    Your lists Log in to create your own lists
  • Log in to your account
  • Your cookies
  • Search history
Southville International School and Colleges
  • Advanced search
  • Recent comments
  • Most popular
  • Libraries

Log in to your account

Log in with GOOGLE


If you do not have an external account, but do have a local account, you can still log in:

  1. Home
  2. MARC view: 5 Steps to a 5 :
Normal view MARC view ISBD view

5 Steps to a 5 : (Record no. 368041)

[ view plain ]
MARC details
000 -LEADER
fixed length control field 00737nam a22002057a 4500
003 - CONTROL NUMBER IDENTIFIER
control field 0
005 - DATE AND TIME OF LATEST TRANSACTION
control field 20250919123023.0
008 - FIXED-LENGTH DATA ELEMENTS--GENERAL INFORMATION
fixed length control field 250919b xxu||||| |||| 00| 0 eng d
020 ## - INTERNATIONAL STANDARD BOOK NUMBER
International Standard Book Number 978-1-264-50609-5
050 ## - LIBRARY OF CONGRESS CALL NUMBER
Classification number QC 21.2
Item number .B78 2022
100 ## - MAIN ENTRY--PERSONAL NAME
Personal name Bruhn, Christopher,
Relator term author.
245 ## - TITLE STATEMENT
Title 5 Steps to a 5 :
Remainder of title AP physics 2 : algebra-based 2023 /
Statement of responsibility, etc Christopher Bruhn.
260 ## - PUBLICATION, DISTRIBUTION, ETC. (IMPRINT)
Place of publication, distribution, etc New York, NY :
Name of publisher, distributor, etc McGraw Hill LLC,
Date of publication, distribution, etc 2022.
300 ## - PHYSICAL DESCRIPTION
Extent xv, 411 pages :
Other physical details illustrations ;
Dimensions 28 cm.
650 ## - SUBJECT ADDED ENTRY--TOPICAL TERM
Topical term or geographic name as entry element Physics
General subdivision Examinations
Form subdivision Study guides.
650 ## - SUBJECT ADDED ENTRY--TOPICAL TERM
Topical term or geographic name as entry element Physics
General subdivision Problems, exercises, etc.
650 ## - SUBJECT ADDED ENTRY--TOPICAL TERM
Topical term or geographic name as entry element Advanced placement programs (Education)
Geographic subdivision United States.
650 ## - SUBJECT ADDED ENTRY--TOPICAL TERM
Topical term or geographic name as entry element College entrance achievement tests
Geographic subdivision United States.
942 ## - ADDED ENTRY ELEMENTS (KOHA)
Source of classification or shelving scheme Library of Congress Classification
Koha item type Books
Holdings
Withdrawn status Lost status Source of classification or shelving scheme Damaged status Home library Current library Shelving location Date acquired Source of acquisition Sub Shelving location Total Checkouts Full call number Barcode Date last seen Price effective from Koha item type
    Library of Congress Classification   College Library College Library Reserve Section 06/04/2025 Library Fund     QC 21.2 .B78 2022 C25159 09/19/2025 09/19/2025 Books

5 Steps to a 5 :

APA

Bruhn C., . (2022). 5 Steps to a 5. New York, NY: McGraw Hill LLC.

Chicago

Bruhn Christopher, . 2022. 5 Steps to a 5. New York, NY: McGraw Hill LLC.

Harvard

Bruhn C., . (2022). 5 Steps to a 5. New York, NY: McGraw Hill LLC.

MLA

Bruhn Christopher, . 5 Steps to a 5. New York, NY: McGraw Hill LLC. 2022.

  • Place hold
  • Print
  • Cite
  • Add to your cart (remove)
  • Save record
    BIBTEX Dublin Core MARCXML MARC (non-Unicode/MARC-8) MARC (Unicode/UTF-8) MARC (Unicode/UTF-8, Standard) MODS (XML) RIS
  • More searches
    Search for this title in:
    Other Libraries (WorldCat) Other Databases (Google Scholar) Online Stores (Bookfinder.com) Open Library (openlibrary.org)

Exporting to Dublin Core...

SOUTHVILLE LIBRARY

Southville International School and Colleges Library

1281 Tropical Ave. Cor. Luxembourg St., BF Homes International, Las Pinas City

Tel. No. 8256374 / 252358 Loc. 117/146

Powered by Koha